Bajo el volcán / (Record no. 15264)

MARC details
000 -LEADER
campo de control de longitud fija 00676nam a2200241 i 4500
001 - NÚMERO DE CONTROL
campo de control 15264
003 - IDENTIFICADOR DE NÚMERO DE CONTROL
campo de control ES-MaACL
005 - FECHA Y HORA DE LA ÚLTIMA TRANSACCIÓN
campo de control 20230906151028.0
007 - CAMPO FIJO DE DESCRIPCIÓN FÍSICA--INFORMACIÓN GENERAL
campo de control de longitud fija t|
008 - DATOS DE LONGITUD FIJA--INFORMACIÓN GENERAL
campo de control de longitud fija 000210s1999 sp ||||0| spa
020 ## - NÚMERO INTERNACIONAL ESTÁNDAR DEL LIBRO
Número Internacional Estándar del Libro 84-8310-656-6
080 ## - NÚMERO DE LA CLASIFICACIÓN DECIMAL UNIVERSAL
Número de la Clasificación Decimal Universal 821.111-31"19"
100 1# - ENTRADA PRINCIPAL--NOMBRE DE PERSONA
Nombre de persona Lowry, Malcolm.
9 (RLIN) 74391
245 10 - MENCIÓN DEL TÍTULO
Título Bajo el volcán /
Mención de responsabilidad, etc. Malcolm Lowry ; traducción de Raúl Ortiz y Ortiz.
250 ## - MENCION DE EDICION
Mención de edición 1ª ed en Fábula.
260 ## - PUBLICACIÓN, DISTRIBUCIÓN, ETC.
Lugar de publicación, distribución, etc. Barcelona :
Nombre del editor, distribuidor, etc. Tusquets,
Fecha de publicación, distribución, etc. 1999.
300 ## - DESCRIPCIÓN FÍSICA
Extensión 415 p. ;
Dimensiones 20 cm.
490 1# - MENCIÓN DE SERIE
Mención de serie Fábula ;
Designación de volumen o secuencia 128
700 1# - ENTRADA AGREGADA--NOMBRE PERSONAL
Nombre de persona Ortiz y Ortiz, Raúl.
9 (RLIN) 87659
830 1# - PUNTO DE ACCESO ADICIONAL DE SERIE-TÍTULO UNIFORME
Título uniforme Fábula ;
Designación de volumen o secuencia 128
9 (RLIN) 179737
852 ## - LOCALIZACIÓN
Ubicación ES-MaACL
Número de control de estantería L-22556
Holdings
Estatus retirado Estado de pérdida Estado de daño No para préstamo Biblioteca de origen Biblioteca actual Ubicación en estantería Fecha de adquisición Fuente de adquisición Total de préstamos Signatura topográfica completa Código de barras Visto por última vez Precio de reemplazo Tipo de ítem Koha
        Biblioteca del Ateneo de Madrid Biblioteca del Ateneo de Madrid Depósito 2 17/01/2008     L-22556 1015521 23/02/2023 23/02/2023 Libro impreso